El Movimiento obrero dominicano

Сохранить в:
Библиографические подробности
Главный автор: Santos, Francisco Antonio
Формат: Текст
Опубликовано: s.l.: s.e.
Метки: Добавить метку
Нет меток, Требуется 1-ая метка записи!

MARC

LEADER 00000 a a2200000 04500
001 25247
003
040 |a CRAI/IIS  |c CRAI/IIS 
090 |a 180600  
100 |a Santos, Francisco Antonio  
245 |a El Movimiento obrero dominicano  
260 |a s.l.:   |b s.e.  
300 |a 11 p.  
999 |c 13130  |d 13130